000 00498nam a22002057a 4500
005 20260511121402.0
008 260511b |||||||| |||| 00| 0 eng d
020 _a9789355739254
_c950.00
040 _aMAIN
041 _aEnglish
082 _a330
_bMAN
100 _aMankiw, N. Gregory
_98556
245 _aEconomics
250 _a5th
260 _aAustralia
_bCengage
_c2020
300 _a814
650 _aEconomics (PM USHA)
_926774
700 _aTaylor, Mark P.
_914576
942 _cBK
999 _c60749
_d60749